[Event "Bremen Silvester op-B"]
[Site "Bremen"]
[Date "2024.12.28"]
[Round "3"]
[White "Adaschkiewitz, Wolfgang"]
[Black "Jehangeer"]
[Result "0-1"]
[WhiteElo "1781"]
[BlackElo "1696"]
[PlyCount "80"]
[EventDate "2024.12.27"]
[EventType "swiss"]
[EventRounds "7"]
[EventCountry "GER"]
[SourceTitle "CB02_2025"]
[SourceDate "2025.01.08"]
[SourceVersion "1"]
[SourceVersionDate "2025.01.08"]
[SourceQuality "1"]

1. d4 Nf6 2. Nc3 e6 3. Bf4 a6 4. e3 Bb4 5. Nge2 Nh5 6. Bg3 Nxg3 7. hxg3 d5 8. Qd3 h6 9. a3 Bd6 10. e4 c6 11. e5 Be7 12. 0-0-0 b5 13. Na2 a5 14. Qb3 Na6 15. c3 Bd7 16. Nf4 Rb8 17. Nd3 c5 18. dxc5 Nxc5 19. Qc2 Qb6 20. f3 0-0 21. Nxc5 Bxc5 22. b4 axb4 23. axb4 Be3+ 24. Kb1 Rfc8 25. Qb3 Bf2 26. Rh3 Qc7 27. f4 Qa7 28. g4 Ra8 29. Rd2 Bc6 30. Rf3 Bb6 31. f5 exf5 32. gxf5 d4 33. Rg3 dxc3 34. Rxc3 Be4+ 35. Bd3 Rxc3 36. Qxc3 Bd4 37. Qb3 Bxd3+ 38. Qxd3 Bxe5 39. Qxb5 Qg1+ 40. Nc1 Ra1+ 0-1

[Event "Millennium Hybrid Masters"]
[Site "Tornelo INT"]
[Date "2022.03.09"]
[Round "1.11"]
[White "Stelmaszyk, Nico"]
[Black "Adaschkiewitz, Wolfgang"]
[Result "1-0"]
[WhiteElo "2304"]
[BlackElo "1545"]
[PlyCount "103"]
[EventDate "2022.03.09"]
[EventType "team-tourn"]
[EventRounds "5"]
[EventCountry "GER"]
[SourceTitle "EXT 2023"]
[Source "ChessBase"]
[SourceDate "2022.10.05"]
[SourceVersion "1"]
[SourceVersionDate "2022.10.05"]
[SourceQuality "1"]
[WhiteTeam "Niedersachsen Schachverband"]
[BlackTeam "Werder Bremen"]
[WhiteTeamCountry "GER"]
[BlackTeamCountry "GER"]

1. e4 c5 2. c3 e6 3. Nf3 d5 4. exd5 exd5 5. d4 Nf6 6. Bg5 Be6 7. Bb5+ Nc6 8. 0-0 a6 9. Bxc6+ bxc6 10. Qa4 Qb6 11. Nbd2 Be7 12. dxc5 Qxc5 13. Nb3 Qb5 14. Qxb5 axb5 15. Nbd4 Rc8 16. Ne5 Bd7 17. Rfe1 h6 18. Bxf6 gxf6 19. Nxd7 Kxd7 20. Nf5 Bc5 21. b4 Bd6 22. a4 bxa4 23. Rxa4 Rce8 24. Rd1 Re5 25. Ne3 f5 26. Ra7+ Ke6 27. Kf1 h5 28. Ra6 Rc8 29. Nc2 f4 30. Rda1 Kd7 31. Nd4 Be7 32. Rb6 Bd8 33. Ra7+ Kd6 34. Rbb7 Rc7 35. Rxc7 Bxc7 36. Ra6 Kd7 37. Rxc6 Re4 38. Rh6 Re5 39. Rf6 Ke7 40. Rxf4 Re1+ 41. Kxe1 Bxf4 42. h3 Kd6 43. Ke2 Bg5 44. g3 Kc7 45. f4 Bf6 46. Kf3 Kb6 47. g4 hxg4+ 48. Kxg4 Bxd4 49. cxd4 Kb5 50. h4 Kxb4 51. h5 Kc4 52. h6 1-0

[Event "Bremen Silvester op"]
[Site "Bremen"]
[Date "2019.12.29"]
[Round "5"]
[White "Adaschkiewitz, Wolfgang"]
[Black "Lapehn, Klaus"]
[Result "1/2-1/2"]
[WhiteElo "1504"]
[BlackElo "1672"]
[PlyCount "88"]
[EventDate "2019.12.27"]
[EventType "swiss"]
[EventRounds "7"]
[EventCountry "GER"]
[SourceTitle "CBM 194 Extra"]
[Source "ChessBase"]
[SourceDate "2020.03.31"]
[SourceVersion "1"]
[SourceVersionDate "2020.03.31"]
[SourceQuality "1"]

1. Nf3 Nf6 2. c4 e6 3. g3 b6 4. Bg2 Bb7 5. 0-0 Be7 6. Nc3 0-0 7. d4 d6 8. Qc2 Nbd7 9. Rd1 Qc8 10. e4 c5 11. d5 e5 12. Bh3 Qd8 13. Nh4 g6 14. Bh6 Re8 15. Nf3 Bf8 16. Qc1 Bg7 17. Qe3 Bc8 18. Bxg7 Kxg7 19. Nb5 Nf8 20. Bxc8 Rxc8 21. Nxa7 Ra8 22. Nb5 Re7 23. Nh4 h6 24. Rd3 Ra4 25. b3 Ra5 26. a4 N8h7 27. Re1 Qd7 28. Kg2 Ng5 29. f3 Ra8 30. Qe2 Nh5 31. Kh1 Qh3 32. Qf2 Qd7 33. Rde3 Nf6 34. Rg1 Nh3 35. Qg2 Nxg1 36. Kxg1 Rd8 37. h3 Nh5 38. Nc3 Rf8 39. Ne2 Kh7 40. g4 Ng7 41. Ng3 f6 42. Qf2 Ref7 43. Qc2 Qd8 44. Ng2 Qc8 1/2-1/2

[Event "Bremen Silvester op"]
[Site "Bremen"]
[Date "2019.12.29"]
[Round "6"]
[White "Riewe, Helmuth"]
[Black "Adaschkiewitz, Wolfgang"]
[Result "0-1"]
[WhiteElo "1336"]
[BlackElo "1504"]
[PlyCount "90"]
[EventDate "2019.12.27"]
[EventType "swiss"]
[EventRounds "7"]
[EventCountry "GER"]
[SourceTitle "CBM 194 Extra"]
[Source "ChessBase"]
[SourceDate "2020.03.31"]
[SourceVersion "1"]
[SourceVersionDate "2020.03.31"]
[SourceQuality "1"]

1. d4 f5 2. e3 Nf6 3. Nf3 e6 4. c4 d6 5. Nbd2 g6 6. b3 Bg7 7. Be2 0-0 8. Rb1 c6 9. 0-0 Qc7 10. Qc2 Nbd7 11. Bb2 c5 12. Ng5 Re8 13. d5 exd5 14. Rfe1 h6 15. Ngf3 Ne5 16. Nxe5 dxe5 17. cxd5 Nxd5 18. Bc4 Be6 19. e4 Nb4 20. Bxe6+ Rxe6 21. Qc4 Rae8 22. exf5 gxf5 23. a4 b6 24. Nf3 Nc6 25. Rbd1 Qf7 26. Rd2 Nd4 27. Bxd4 cxd4 28. Rc1 Kf8 29. Rdc2 R6e7 30. Qb4 Kg8 31. Rc8 d3 32. Rxe8+ Rxe8 33. Nd2 e4 34. Qc4 Qxc4 35. Rxc4 Re7 36. Kf1 Kf7 37. Ke1 Be5 38. g3 Rc7 39. Rxc7+ Bxc7 40. Nc4 Ke6 41. Kd2 h5 42. Ke3 a6 43. f3 b5 44. axb5 axb5 45. Nd2 Bb6+ 0-1

[Event "Bremen-ch op"]
[Site "Bremen"]
[Date "2018.03.25"]
[Round "2"]
[White "Adaschkiewitz, Wolfgang"]
[Black "Stern, Philipp"]
[Result "0-1"]
[WhiteElo "1675"]
[BlackElo "1733"]
[PlyCount "52"]
[EventDate "2018.03.24"]
[EventType "swiss"]
[EventRounds "9"]
[EventCountry "GER"]
[SourceTitle "EXT 2019"]
[Source "ChessBase"]
[SourceDate "2018.10.10"]
[SourceVersion "1"]
[SourceVersionDate "2018.10.10"]
[SourceQuality "1"]

1. e4 c5 2. Nf3 g6 3. d4 cxd4 4. Nxd4 Nc6 5. Nf3 Bg7 6. Nc3 Nf6 7. Be2 0-0 8. 0-0 d6 9. h3 Bd7 10. Rb1 a6 11. Be3 b5 12. a3 Rc8 13. Qd2 Na5 14. e5 dxe5 15. Nxe5 Bf5 16. Bd3 Bxd3 17. cxd3 Nb3 18. Qd1 Nd4 19. Ne2 Nxe2+ 20. Qxe2 Qd5 21. Nf3 Rfd8 22. Rfd1 Nd7 23. b4 Rc3 24. Bc1 Rdc8 25. Bb2 Rc2 26. Rd2 Qa2 0-1